I Buddenbrook / (Record n. 358010)
[ formato base ]
| 000 -LEADER | |
|---|---|
| fixed length control field | 01305cam a2200301u 4500 |
| 001 - CONTROL NUMBER | |
| control field | 7412600 |
| 003 - CONTROL NUMBER IDENTIFIER | |
| control field | IT-MiSPE |
| 005 - DATE AND TIME OF LATEST TRANSACTION | |
| control field | 20181112143308.0 |
| 008 - FIXED-LENGTH DATA ELEMENTS--GENERAL INFORMATION | |
| fixed length control field | 810710s1945 it 000 0 ita |
| 010 ## - LIBRARY OF CONGRESS CONTROL NUMBER | |
| LC control number | 47027429 |
| 020 ## - INTERNATIONAL STANDARD BOOK NUMBER | |
| Terms of availability | 800 LIRE |
| 040 ## - CATALOGING SOURCE | |
| Original cataloging agency | IT-MiSPE |
| Transcribing agency | IT-MiSPE |
| Language of cataloging | ita |
| 041 ## - LANGUAGE CODE | |
| Language code of text/sound track or separate title | ita |
| Language code of original | ger |
| 082 ## - DEWEY DECIMAL CLASSIFICATION NUMBER | |
| Classification number | 833-MAN th bu (23194) |
| 100 1# - MAIN ENTRY--PERSONAL NAME | |
| Personal name | Mann, Thomas, |
| Titles and words associated with a name | Premio Nobel (1929) |
| Dates associated with a name | 1875-1955. |
| Relator term | autore |
| 9 (RLIN) | 57385 |
| 240 10 - UNIFORM TITLE | |
| Uniform title | Buddenbrooks / Verfall einer Familie |
| Language of a work | ger |
| 245 12 - TITLE STATEMENT | |
| Title | I Buddenbrook / |
| Remainder of title | Decadenza di una famiglia |
| 260 ## - PUBLICATION, DISTRIBUTION, ETC. (IMPRINT) | |
| Place of publication, distribution, etc. | Milano : |
| Name of publisher, distributor, etc. | Mondadori, |
| Date of publication, distribution, etc. | 1970 (2a edizione) |
| 300 ## - PHYSICAL DESCRIPTION | |
| Extent | xl, 600 p. ; |
| Dimensions | 18,5 cm. |
| 490 ## - SERIES STATEMENT | |
| Series statement | Oscar Mondadori |
| 500 ## - GENERAL NOTE | |
| General note | Con una cronologia della vita dell'Autore e dei suoi tempi, un'introduzione, una antologia critica e una bibliografia a cura di Roberto Fertonani |
| 504 ## - BIBLIOGRAPHY, ETC. NOTE | |
| Bibliography, etc | Bibliografia (pp. xxxix-xl) |
| 520 ## - SUMMARY, ETC. | |
| Summary, etc. | Il romanzo di quattro generazioni: figure tragiche e solitarie, stravaganti e inquiete nel dramma della borghesia europea in declino. Prima opera narrativa di ampio respiro del giovane Thomas Mann (1901). |
| 546 ## - LANGUAGE NOTE | |
| Language note | Traduzione di Ervino Pocar |
| 655 ## - INDEX TERM--GENRE/FORM | |
| Genre/form data or focus term | Lingua e letteratura tedesca |
| General subdivision | Vari altri autori: opere originali e studi |
| 9 (RLIN) | 57384 |
| 700 1# - ADDED ENTRY--PERSONAL NAME | |
| Personal name | Pocar, Ervino, |
| Dates associated with a name | 1892-1981, |
| Relator term | tr. |
| 9 (RLIN) | 57386 |
| 942 ## - ADDED ENTRY ELEMENTS (KOHA) | |
| Source of classification or shelving scheme | Dewey Decimal Classification |
| Koha item type | LIBRO |
| Withdrawn status | Lost status | Source of classification or shelving scheme | Damaged status | Not for loan | Home library | Current library | Date acquired | Total Checkouts | Full call number | Date last seen | Price effective from | Koha item type |
|---|---|---|---|---|---|---|---|---|---|---|---|---|
| Dewey Decimal Classification | Buone Condizioni | Not For Loan | CINISELLO | CINISELLO | 26/09/2018 | 833-MAN th bu (23194) | 26/09/2018 | 26/09/2018 | LIBRO |